[Event "Olongapo City Puregold op-B"]
[Site "Olongapo City"]
[Date "2015.11.18"]
[Round "4"]
[White "Salcedo, Rene"]
[Black "Amar, Denzel John"]
[Result "1-0"]
[WhiteElo "1959"]
[BlackElo "1957"]
[PlyCount "95"]
[EventDate "2015.11.17"]
[EventType "swiss"]
[EventRounds "9"]
[EventCountry "PHI"]
[SourceTitle "EXT 2017"]
[Source "ChessBase"]
[SourceDate "2016.10.25"]
[SourceVersion "1"]
[SourceVersionDate "2016.10.25"]
[SourceQuality "1"]

1. e4 c5 2. Nf3 d6 3. c4 Nf6 4. Nc3 a6 5. d4 cxd4 6. Nxd4 e6 7. Be2 Qc7 8. Be3 b6 9. 0-0 Bb7 10. Qd3 Nbd7 11. Nb3 Be7 12. Rac1 0-0 13. f3 Rac8 14. Qd4 Rfd8 15. Rfd1 Qb8 16. Qd2 Bc6 17. Nd4 Bb7 18. Nc2 Rc7 19. Bf1 Ba8 20. Qf2 Rdc8 21. Nb4 Ra7 22. Nc2 Ne5 23. b3 Ned7 24. Qd2 Rac7 25. Nb4 Qb7 26. Bf4 d5 27. Nxa6 Qxa6 28. cxd5 Bc5+ 29. Kh1 Qa5 30. Bxc7 Rxc7 31. dxe6 fxe6 32. Bc4 Nf8 33. Qd8 Re7 34. a4 Bc6 35. Nb5 Re8 36. Qc7 Qa8 37. Nd4 Rc8 38. Nxe6 Bd7 39. Nxc5+ Kh8 40. Qxb6 Bc6 41. Rd4 N8d7 42. Nxd7 Nxd7 43. Qa6 Qb8 44. Rcd1 h5 45. Be6 Bb7 46. Qb5 Rc5 47. Qxd7 Qe5 48. Bf5 1-0